| 000 | 00911nam a2200265 i 4500 | ||
|---|---|---|---|
| 003 | OSt | ||
| 005 | 20260125132753.0 | ||
| 008 | 260125s2021 enkab||| |||| 00| 0 eng d | ||
| 020 |
_a9780241509678 _qpaperback |
||
| 040 |
_auoc _beng _cuoc _erda |
||
| 082 |
_223 _a914.210486 _bDKE |
||
| 245 | 0 | 0 |
_aLondon/ _cDK Eyewitness. |
| 264 | 1 |
_aLondon : _b Eyewitness Travel, _c2021. |
|
| 264 | 4 | _c ©2021. | |
| 300 |
_a352 pages: _b illustrations+ _c22 cm. _emap |
||
| 336 |
_2rdacontent _atext _btxt |
||
| 337 |
_2rdamedia _aunmediated _bn |
||
| 338 |
_2rdacarrier _avolume _bnc |
||
| 504 | _aIncludes index. | ||
| 520 | _aA fully illustrated travel guide to London with expert advice, itineraries, top attractions, and detailed maps for exploring the city’s history, culture, landmarks, and neighborhoods. | ||
| 650 | _aTravel guides | ||
| 650 |
_aSightseeing _94530 |
||
| 655 |
_aGuidebooks _94531 |
||
| 942 |
_2ddc _cBK |
||
| 999 |
_c1771 _d1771 |
||